000 00421nam a2200157Ia 4500
003 Ost
005 20260225132600.0
008 260225s9999||||xx |||||||||||||| ||und||
040 _cfsic
041 _afre
082 _a70.4
100 _am.y.ferfera ,m .benguerna
_eAuteur
245 0 _aMondialisation Modernisation des entreprise :
245 0 _benjeux et trajectores /
_cm.y.ferfera ,m .benguerna
942 _cكتاب
999 _c34695
_d34695